=LDR 00000nam 2200000 4500 =001 INLIS00000000000046 =005 20260702043538 =020 ##$$a 978-602-0837-69-7 =082 ##$$a 012.381 =100 1#$$a Al-Mishri, Syaikh Mahmud =245 1 $$a Kisah Panglima Islam Zaman Nabi (1): Abu Ubaidah Bin Jarrah /$c Syaikh Mahmud Al-Mishri =300 ##$$a 68 ; 20,5 x 14